000
00297nam a2200121 a 4500
005
20140414093845.0
008
091124s19uu xx 00 eng d
050
_a
DVD 300
_b
NEW 2008
245
_a
Newsmakers :
_b
A GMA news special.
650
_a
Social issues.
942
_c
AVM
999
_c
109557
_d
109557